[Event "M.Botvinnik Memorial 2012"]
[Site "St. Petersburg, Russia"]
[Date "2012.08.31"]
[Round "7.53"]
[White "Khakimov, Timur"]
[Black "Andronov, Mikhail G"]
[Result "1-0"]
[WhiteElo "2298"]
[BlackElo "2139"]
[PlyCount "125"]
[EventDate "2012.08.25"]

1. e4 c5 2. Nf3 Nc6 3. Bb5 g6 4. O-O Bg7 5. c3 Nf6 6. Re1 O-O 7. d4 cxd4 8.
cxd4 d5 9. e5 Ne4 10. Nc3 Nxc3 11. bxc3 Bg4 12. h3 Bxf3 13. Qxf3 Qa5 14. Bxc6
bxc6 15. h4 c5 16. Bg5 Rfe8 17. h5 cxd4 18. cxd4 Rac8 19. h6 Bf8 20. Re3 e6 21.
Qf4 Rc4 22. Rb1 Qc7 23. Reb3 Qd7 24. Rb7 Rc7 25. Rxc7 Qxc7 26. Qc1 Qxc1+ 27.
Rxc1 a5 28. Rc7 Ra8 29. a4 Bb4 30. Kf1 Kf8 31. Ke2 Ke8 32. g4 Ba3 33. f4 Rb8
34. f5 gxf5 35. gxf5 exf5 36. e6 fxe6 37. Rxh7 Bf8 38. Ra7 Bxh6 39. Bxh6 Rb4
40. Bg7 Rxa4 41. Ke3 Ra1 42. Kf4 Re1 43. Rxa5 Kf7 44. Ra7+ Kg6 45. Be5 Rf1+ 46.
Kg3 Rg1+ 47. Kf2 Rb1 48. Rg7+ Kh6 49. Re7 Rb6 50. Kf3 Kg5 51. Rg7+ Kh6 52. Rg1
Rb3+ 53. Kf4 Rb2 54. Bg7+ Kh5 55. Rg5+ Kh4 56. Bf6 Kh3 57. Rg3+ Kh2 58. Be5 Rb7
59. Rg6 Rb6 60. Kf3+ Kh1 61. Rh6+ Kg1 62. Bh2+ Kf1 63. Bf4 1-0

[Event "M.Botvinnik Memorial 2012"]
[Site "St. Petersburg, Russia"]
[Date "2012.08.31"]
[Round "7.54"]
[White "Toivonen, Alexander V"]
[Black "Gorjunov, Sergey"]
[Result "0-1"]
[WhiteElo "2250"]
[BlackElo "2128"]
[PlyCount "120"]
[EventDate "2012.08.25"]

1. d4 Nf6 2. c4 c5 3. d5 e6 4. Nc3 exd5 5. cxd5 d6 6. e4 g6 7. f4 Bg7 8. Nf3
O-O 9. Be2 Re8 10. e5 dxe5 11. fxe5 Ng4 12. Bg5 Qb6 13. O-O c4+ 14. Kh1 Nd7 15.
d6 Nf2+ 16. Rxf2 Qxf2 17. Qd2 Nxe5 18. Nxe5 Bxe5 19. Nd5 Bh3 20. Bf3 Qxd2 21.
Bxd2 Be6 22. Nc7 Bxd6 23. Nxa8 Rxa8 24. Bc3 Rb8 25. Rd1 Bc7 26. Bf6 b5 27. a3
a5 28. g4 b4 29. axb4 axb4 30. h3 Bf4 31. Be4 h6 32. Kg2 Bg5 33. Be5 Rd8 34.
Ra1 f6 35. Bc7 Rd7 36. Bg3 Bd5 37. Bxd5+ Rxd5 38. Ra8+ Kf7 39. Rc8 Rd2+ 40. Kf3
Rd3+ 41. Kf2 c3 42. bxc3 Rxc3 43. Rb8 b3 44. h4 Be3+ 45. Ke2 Bd4 46. Be1 Rh3
47. h5 gxh5 48. gxh5 Ke6 49. Bd2 Kd5 50. Bxh6 Ke4 51. Bg7 b2 52. h6 Rh2+ 53.
Kf1 Kd3 54. Rb7 Kc2 55. Rc7+ Bc3 56. Rb7 b1=Q+ 57. Rxb1 Kxb1 58. Kg1 Rh5 59.
Kg2 Kc2 60. Kf3 f5 0-1

[Event "M.Botvinnik Memorial 2012"]
[Site "St. Petersburg, Russia"]
[Date "2012.08.31"]
[Round "7.55"]
[White "Pen, Pyotr"]
[Black "Papadakis, Michalis"]
[Result "1/2-1/2"]
[WhiteElo "2138"]
[BlackElo "2235"]
[PlyCount "88"]
[EventDate "2012.08.25"]

1. e4 c5 2. Nf3 d6 3. d4 cxd4 4. Nxd4 Nf6 5. Nc3 a6 6. Be2 e5 7. Nb3 Be7 8. Be3
Be6 9. Nd5 Nbd7 10. Qd3 O-O 11. O-O Bxd5 12. exd5 Ne8 13. c4 f5 14. f4 e4 15.
Qd2 Bf6 16. Kh1 a5 17. g4 fxg4 18. Bxg4 a4 19. Nd4 Nc5 20. Rab1 Bxd4 21. Bxd4
Qh4 22. Be6+ Nxe6 23. dxe6 Qh3 24. Qb4 Qxe6 25. Qxb7 Ra5 26. c5 dxc5 27. Bc3
Ra6 28. Rbe1 Nf6 29. Rg1 Rf7 30. Qb8+ Rf8 31. Qb7 Rf7 32. Qb8+ Rf8 33. Qc7 Rf7
34. Qxc5 Qc6 35. Rg5 h6 36. Qxc6 Rxc6 37. Ra5 Ng4 38. Kg2 Rxf4 39. Kg3 Rf3+ 40.
Kxg4 Rg6+ 41. Kh4 Rf4+ 42. Kh3 Rf3+ 43. Kh4 Rf4+ 44. Kh3 Rf3+ 1/2-1/2

[Event "M.Botvinnik Memorial 2012"]
[Site "St. Petersburg, Russia"]
[Date "2012.08.31"]
[Round "7.56"]
[White "Larin, Maxim"]
[Black "Andrenko, Irina"]
[Result "1-0"]
[WhiteElo "2131"]
[BlackElo "2228"]
[PlyCount "167"]
[EventDate "2012.08.25"]

1. d4 Nf6 2. c4 g6 3. Nc3 Bg7 4. e4 d6 5. Nf3 O-O 6. Be2 e5 7. O-O Nc6 8. d5
Ne7 9. Ne1 Nd7 10. Be3 f5 11. f3 f4 12. Bf2 g5 13. Rc1 Ng6 14. c5 Nxc5 15. b4
Na6 16. Nd3 Rf7 17. Nb5 b6 18. Rc3 Qd7 19. a4 Bf6 20. Qc2 Bd8 21. Rc1 h5 22. h3
Bb7 23. Rc4 Nf8 24. Be1 Nh7 25. Nf2 Nf6 26. Na3 Nb8 27. a5 a6 28. axb6 cxb6 29.
Rc3 b5 30. Nd1 Bb6+ 31. Bf2 Bxf2+ 32. Nxf2 Ne8 33. Qb2 Qd8 34. Nc2 Nd7 35. Na1
Nb6 36. Qd2 Na4 37. R3c2 Rc8 38. Nb3 Rfc7 39. Na5 Rxc2 40. Rxc2 Rxc2 41. Qxc2
Qc8 42. Qd2 Nf6 43. h4 gxh4 44. Nh3 Qc3 45. Qxc3 Nxc3 46. Bxb5 axb5 47. Nxb7
Ne8 48. Nd8 Na2 49. Nc6 Nc7 50. Nf2 Kf7 51. Kh2 Kg6 52. Nd3 Nc3 53. Ne7+ Kf6
54. Nc8 Ne8 55. Kh3 Kg5 56. Kh2 Ne2 57. Na7 Nd4 58. Nc6 Ne2 59. Ne1 Nc3 60. Na7
Nc7 61. Nd3 Ne2 62. Nc5 Nd4 63. Nb7 Nc2 64. Nxd6 Nxb4 65. Naxb5 Nca6 66. Nc4
Nd3 67. d6 Nac5 68. Nc7 Nd7 69. Nd5 N3c5 70. Ncb6 Nf8 71. Kh3 Ncd7 72. Nxd7
Nxd7 73. Ne7 Nc5 74. Nf5 Nd7 75. Nxh4 Kf6 76. Nf5 Kg6 77. Kh4 Nf8 78. Ne7+ Kh6
79. Nf5+ Kg6 80. g3 fxg3 81. Nxg3 Kf6 82. Kxh5 Ne6 83. Kh6 Ng5 84. Nh5+ 1-0

[Event "M.Botvinnik Memorial 2012"]
[Site "St. Petersburg, Russia"]
[Date "2012.08.31"]
[Round "7.58"]
[White "Kharmunova, Nadezhda"]
[Black "Tkachev, Ivan"]
[Result "0-1"]
[WhiteElo "2219"]
[BlackElo "2117"]
[PlyCount "154"]
[EventDate "2012.08.25"]

1. d4 d5 2. c4 e6 3. Nc3 Nf6 4. g3 c6 5. Bg2 dxc4 6. Nf3 Nbd7 7. O-O Be7 8. Qc2
O-O 9. Rd1 Qa5 10. Bf4 Nd5 11. Bd2 Qc7 12. Ne4 f5 13. Neg5 N7f6 14. Qxc4 h6 15.
Nh3 Ne4 16. Bf4 Qb6 17. Nd2 Nxd2 18. Bxd2 Qxb2 19. Nf4 Bf6 20. Rab1 Nb6 21.
Qxe6+ Bxe6 22. Rxb2 Bf7 23. Bb4 Rfd8 24. e3 Rac8 25. Rc1 Nc4 26. Rbc2 b5 27.
Nd3 Bg6 28. Nb2 c5 29. Nxc4 cxb4 30. Nd2 Rxc2 31. Rxc2 f4 32. Ne4 fxe3 33. fxe3
Bf7 34. Nxf6+ gxf6 35. d5 a5 36. Rc5 Be8 37. Bf1 Rb8 38. Kf2 a4 39. Rc7 Rd8 40.
Bh3 Kf8 41. e4 b3 42. axb3 axb3 43. Rc3 Bg6 44. Rxb3 Bxe4 45. Be6 Rb8 46. Ke3
Bc2 47. Rb2 Bd1 48. Rb4 Ke7 49. Kd4 Kd6 50. Rb1 Be2 51. Re1 Bh5 52. Ra1 Be8 53.
Ra6+ Ke7 54. Kc5 b4 55. Ra7+ Kd8 56. Bf7 b3 57. Bxe8 Kxe8 58. Rh7 Rb5+ 59. Kxb5
b2 60. Kc6 b1=Q 61. Rb7 Qc2+ 62. Kd6 Qxh2 63. Rb8+ Kf7 64. Kd7 Qxg3 65. d6 h5
66. Kc6 Qc3+ 67. Kd7 h4 68. Rc8 Qh3+ 69. Kc7 Qc3+ 70. Kd7 Qe5 71. Rh8 h3 72.
Kc6 Qc3+ 73. Kb7 Qb4+ 74. Kc7 Qc5+ 75. Kd7 Kg7 76. Rh4 Qg5 77. Ra4 Qb5+ 0-1

[Event "M.Botvinnik Memorial 2012"]
[Site "St. Petersburg, Russia"]
[Date "2012.08.31"]
[Round "7.59"]
[White "Kharchenko, Daniil"]
[Black "Zimmermann, Ulrich"]
[Result "0-1"]
[WhiteElo "2006"]
[BlackElo "2219"]
[PlyCount "52"]
[EventDate "2012.08.25"]

1. e4 e6 2. d4 d5 3. e5 c5 4. c3 Nc6 5. Nf3 Bd7 6. a3 f6 7. exf6 Nxf6 8. Bb5
Bd6 9. O-O O-O 10. Re1 Nxd4 11. Nxd4 cxd4 12. Bxd7 Nxd7 13. Qg4 Nf6 14. Qxe6+
Kh8 15. Qh3 Ne4 16. Rf1 Bc5 17. b4 Bb6 18. Ra2 dxc3 19. Nxc3 Nxf2 20. Raxf2
Rxf2 21. Rxf2 Bxf2+ 22. Kxf2 Qb6+ 23. Ke2 Re8+ 24. Kd3 d4 25. Ne4 Qc6 26. Nc5
b6 0-1

[Event "M.Botvinnik Memorial 2012"]
[Site "St. Petersburg, Russia"]
[Date "2012.08.31"]
[Round "7.60"]
[White "Bulatov, Ramil"]
[Black "Ivanov, Sergei V"]
[Result "1-0"]
[WhiteElo "2205"]
[BlackElo "2108"]
[PlyCount "59"]
[EventDate "2012.08.25"]

1. e4 g6 2. d4 Bg7 3. Nc3 d6 4. Bg5 h6 5. Bh4 Nd7 6. f4 c5 7. dxc5 Nxc5 8. Qd2
Qb6 9. Bb5+ Kf8 10. e5 Be6 11. Nf3 Rd8 12. Bf2 a6 13. Be2 Rd7 14. Na4 Qc7 15.
Nxc5 dxc5 16. Qe3 b6 17. O-O h5 18. Ng5 Nh6 19. Nxe6+ fxe6 20. Bxa6 Kf7 21. Qb3
Rdd8 22. Rad1 Nf5 23. Qxe6+ Kxe6 24. Bc4+ Rd5 25. Rxd5 Bxe5 26. fxe5 Qb7 27.
Rd6+ Kxe5 28. Re6+ Kf4 29. Be3+ Kg4 30. Rxg6+ 1-0

[Event "M.Botvinnik Memorial 2012"]
[Site "St. Petersburg, Russia"]
[Date "2012.08.31"]
[Round "7.61"]
[White "Dotsenko, Sergey"]
[Black "Rupel, David G"]
[Result "1/2-1/2"]
[WhiteElo "2188"]
[BlackElo "2100"]
[PlyCount "144"]
[EventDate "2012.08.25"]

1. e4 c6 2. d4 d5 3. Nd2 Qc7 4. e5 c5 5. dxc5 Qxe5+ 6. Be2 Qd4 7. Ngf3 Qxc5 8.
O-O Nf6 9. c4 e6 10. Nb3 Qd6 11. cxd5 Nxd5 12. Nbd4 Be7 13. Nb5 Qd8 14. Qd4 a6
15. Nc3 Nxc3 16. Qxc3 Bf6 17. Qb3 Nc6 18. Be3 O-O 19. Bb6 Qd5 20. Bc4 Qh5 21.
Qc2 e5 22. Rad1 Bf5 23. Qe2 e4 24. Ne1 Qxe2 25. Bxe2 Bxb2 26. Nc2 Rfc8 27. Ne3
Be6 28. Nc4 Ne5 29. Nxb2 Rc2 30. Bd4 Nc6 31. Bc4 Nxd4 32. Rxd4 Rxb2 33. Bxe6
fxe6 34. a4 Rc8 35. Rxe4 Rc6 36. h4 a5 37. Rd1 Rb4 38. Rd8+ Kf7 39. Rd7+ Kf6
40. Rxb4 axb4 41. Rxb7 Rc4 42. g3 b3 43. a5 Ra4 44. Rb5 b2 45. Kg2 Rxa5 46.
Rxb2 Ra3 47. Rb8 h5 48. Rf8+ Ke7 49. Rf4 g6 50. Rb4 Kf6 51. Rb5 Rc3 52. Ra5 Rb3
53. Ra8 Rc3 54. Rf8+ Kg7 55. Rf4 Ra3 56. Rc4 Ra6 57. Rc5 Ra3 58. Rg5 Kf6 59.
Rb5 Rc3 60. Rb4 Ra3 61. Rf4+ Kg7 62. Kf1 Ra2 63. Ke1 Rb2 64. Rf3 Ra2 65. Kf1
Rb2 66. Kg2 Ra2 67. Rb3 Ra4 68. Kf3 Kf6 69. Ke3 Rc4 70. Rb8 Ra4 71. Rf8+ Ke7
72. Rf4 Ra3+ 1/2-1/2

[Event "M.Botvinnik Memorial 2012"]
[Site "St. Petersburg, Russia"]
[Date "2012.08.31"]
[Round "7.62"]
[White "Belov, Nikita"]
[Black "Nikitinyh, Boris"]
[Result "1-0"]
[WhiteElo "1992"]
[BlackElo "2185"]
[PlyCount "112"]
[EventDate "2012.08.25"]

1. c4 e5 2. Nc3 d6 3. g3 Nf6 4. Bg2 Be7 5. d3 O-O 6. e3 c6 7. Nge2 Be6 8. O-O
Qd7 9. b3 Bh3 10. Bb2 Na6 11. Qd2 Bxg2 12. Kxg2 Rad8 13. f4 Rfe8 14. e4 Bf8 15.
Nd1 Nc5 16. Nf2 g6 17. h3 Bg7 18. g4 exf4 19. Nxf4 Ne6 20. Nxe6 Qxe6 21. g5 Nd7
22. Bxg7 Kxg7 23. Ng4 c5 24. Qc3+ Ne5 25. Rf6 Qd7 26. Raf1 Re7 27. Nh6 Kf8 28.
Nxf7 Rxf7 29. Rxf7+ Nxf7 30. Qh8+ Ke7 31. Qxh7 Rf8 32. Qxg6 Ke8 33. Rf5 Qe7 34.
Rf6 Kd8 35. Qg7 Ke8 36. Qg6 Kd8 37. Qf5 Rg8 38. h4 Ne5 39. Re6 Qd7 40. Kg3 Kc7
41. Rf6 Rg7 42. g6 Qd8 43. h5 Nd7 44. Re6 Rg8 45. Qf4 Ne5 46. Rf6 Nxd3 47. Rf7+
Kc6 48. Qf5 Ne5 49. Rf6 Qe7 50. Re6 Qg7 51. Qxe5 Qxe5+ 52. Rxe5 dxe5 53. Kg4
Kd6 54. Kg5 Ke7 55. h6 Rd8 56. h7 Rh8 1-0

[Event "M.Botvinnik Memorial 2012"]
[Site "St. Petersburg, Russia"]
[Date "2012.08.31"]
[Round "7.63"]
[White "Puraev, Artemiy"]
[Black "Panov, Ivan"]
[Result "1-0"]
[WhiteElo "2183"]
[BlackElo "2033"]
[PlyCount "69"]
[EventDate "2012.08.25"]

1. d4 d5 2. Nf3 c6 3. c4 e6 4. Qc2 Nf6 5. g3 Bd6 6. Bg2 Nbd7 7. O-O O-O 8. Nc3
dxc4 9. Rd1 Qe7 10. Nd2 e5 11. Nxc4 Bc7 12. Ne3 Nb6 13. Nf5 Qe6 14. e4 g6 15.
dxe5 Bxe5 16. Nd4 Qe7 17. Bg5 Kg7 18. Nde2 h6 19. Bc1 Be6 20. h3 Rad8 21. f4
Rxd1+ 22. Nxd1 Bb8 23. b3 Kh7 24. Bb2 Bc8 25. Qc3 Ne8 26. Ne3 Bd6 27. Rd1 Bb4
28. Qd3 Ng7 29. f5 gxf5 30. Kh2 fxe4 31. Bxe4+ f5 32. Bf3 Be6 33. Nf4 Bd7 34.
Ng4 Nd5 35. Bxd5 1-0

[Event "M.Botvinnik Memorial 2012"]
[Site "St. Petersburg, Russia"]
[Date "2012.08.31"]
[Round "7.64"]
[White "Gladkov, Kirill"]
[Black "Shirokov, Alexander"]
[Result "1-0"]
[WhiteElo "2158"]
[BlackElo "1972"]
[PlyCount "53"]
[EventDate "2012.08.25"]

1. c4 d6 2. g3 g6 3. Bg2 Bg7 4. Nc3 Nf6 5. e3 O-O 6. Nge2 c6 7. O-O a5 8. b3
Na6 9. Bb2 Nc7 10. d4 Rb8 11. Qd2 Bd7 12. c5 b6 13. Na4 b5 14. Nb6 d5 15. f3
Bh6 16. g4 Nfe8 17. h4 f6 18. Rae1 Be6 19. g5 fxg5 20. e4 dxe4 21. hxg5 Bg7 22.
fxe4 Rxf1+ 23. Rxf1 Bg4 24. Qf4 Bxe2 25. Qf7+ Kh8 26. d5 e5 27. Bxe5 1-0

[Event "M.Botvinnik Memorial 2012"]
[Site "St. Petersburg, Russia"]
[Date "2012.08.31"]
[Round "7.65"]
[White "Klevets, Ksenia"]
[Black "Shushpanov, Vladimir"]
[Result "0-1"]
[WhiteElo "1831"]
[BlackElo "2318"]
[PlyCount "66"]
[EventDate "2012.08.25"]

1. e4 c5 2. Nf3 a6 3. d4 cxd4 4. Nxd4 Nf6 5. f3 e5 6. Nb3 d5 7. Bg5 Be6 8. Bxf6
gxf6 9. exd5 Qxd5 10. Qxd5 Bxd5 11. Nc3 Be6 12. O-O-O Nc6 13. Ne4 Ke7 14. Nbc5
f5 15. Nxe6 fxe6 16. Nc5 Bh6+ 17. Kb1 Be3 18. Nb3 Rhg8 19. g3 h5 20. Be2 Rac8
21. Rhe1 f4 22. Bd3 Bf2 23. Rh1 Rh8 24. gxf4 exf4 25. Rd2 Be3 26. Rg2 Rhg8 27.
Re2 Rg5 28. Rhe1 Rcg8 29. a3 Rg2 30. Be4 Kf6 31. Nc1 Rxe2 32. Nxe2 Rg2 33. h3
Bd2 0-1

[Event "M.Botvinnik Memorial 2012"]
[Site "St. Petersburg, Russia"]
[Date "2012.08.31"]
[Round "7.66"]
[White "Akkozov, Berik"]
[Black "Shulakova, Svetlana"]
[Result "0-1"]
[WhiteElo "2401"]
[BlackElo "2123"]
[PlyCount "94"]
[EventDate "2012.08.25"]

1. c4 c5 2. Nc3 Nf6 3. g3 d5 4. cxd5 Nxd5 5. Bg2 Nc7 6. Nf3 Nc6 7. O-O e5 8. a3
Bd7 9. Rb1 f6 10. d3 Be7 11. Be3 O-O 12. Nd2 Kh8 13. f4 exf4 14. Rxf4 Ne6 15.
Rf2 Rb8 16. Nd5 Ne5 17. Nxe7 Qxe7 18. h3 Bc6 19. b4 Bxg2 20. Kxg2 b6 21. Kh2
Rfd8 22. Qh1 Nd4 23. Bf4 Rbc8 24. Qe4 Re8 25. Rb2 Qd7 26. Qg2 cxb4 27. axb4 Rc2
28. Rb1 Ng6 29. e4 Rc3 30. Qf1 Nxf4 31. gxf4 Nb5 32. Rf3 Rd8 33. Rc1 Rdc8 34.
Nc4 Rxc1 35. Qxc1 Nd4 36. Re3 b5 37. Qf1 bxc4 38. dxc4 h6 39. c5 Nc2 40. Rd3
Qb7 41. Qd1 Nxb4 42. Rd8+ Rxd8 43. Qxd8+ Kh7 44. Qd4 a5 45. h4 Qb5 46. Qe3 Qc4
47. h5 a4 0-1

[Event "M.Botvinnik Memorial 2012"]
[Site "St. Petersburg, Russia"]
[Date "2012.08.31"]
[Round "7.67"]
[White "Chetverik, Maxim"]
[Black "Kopasov, Evgeny"]
[Result "1/2-1/2"]
[WhiteElo "2272"]
[BlackElo "2007"]
[PlyCount "81"]
[EventDate "2012.08.25"]

1. d4 Nf6 2. c4 g6 3. Nf3 Bg7 4. g3 d5 5. Bg2 O-O 6. b3 c5 7. Bb2 dxc4 8. bxc4
cxd4 9. Qxd4 Nc6 10. Qxd8 Rxd8 11. O-O Be6 12. Na3 Rac8 13. Ng5 Bg4 14. Bxc6
Rxc6 15. f3 Bc8 16. Rad1 Rcd6 17. Rxd6 Rxd6 18. Nb5 Rd2 19. Nxa7 Bd7 20. Bc3
Rxa2 21. Nb5 Rc2 22. Bxf6 exf6 23. Ne4 Rxc4 24. Nbd6 Rb4 25. Ra1 Kf8 26. Ra8+
Ke7 27. Nc8+ Bxc8 28. Rxc8 Rb1+ 29. Kg2 b5 30. Rc7+ Ke6 31. Nc5+ Kd6 32. Rxf7
Kxc5 33. Rxg7 b4 34. Rxh7 b3 35. Rb7 Kc4 36. Kf2 Ra1 37. Ke3 Ra4 38. Rc7+ Kd5
39. Rb7 Kc4 40. Rc7+ Kd5 41. Rb7 1/2-1/2

[Event "M.Botvinnik Memorial 2012"]
[Site "St. Petersburg, Russia"]
[Date "2012.08.31"]
[Round "7.69"]
[White "Savinov, Leonid"]
[Black "Nikomanis, Andreas"]
[Result "1-0"]
[WhiteElo "2208"]
[BlackElo "2049"]
[PlyCount "81"]
[EventDate "2012.08.25"]

1. e4 c5 2. Nf3 d6 3. d4 cxd4 4. Nxd4 Nf6 5. Nc3 g6 6. Be2 Bg7 7. g4 Nc6 8. Be3
O-O 9. g5 Nd7 10. Qd2 Nb6 11. f4 e5 12. Nxc6 bxc6 13. O-O-O exf4 14. Bd4 Bxd4
15. Qxd4 Qxg5 16. Rhg1 Qh6 17. Kb1 Rd8 18. a4 Be6 19. a5 c5 20. Qf2 Nc4 21.
Bxc4 Bxc4 22. Rg4 Rab8 23. Rxf4 Rb4 24. b3 Rdb8 25. e5 Bxb3 26. Rxb4 cxb4 27.
Ne4 Be6 28. Qxa7 Rc8 29. Nxd6 Qh3 30. Rd3 Qf1+ 31. Kb2 Rc3 32. Qb8+ Kg7 33.
Ne8+ Kh6 34. Qxb4 Rc4 35. Qd2+ g5 36. Rg3 Rf4 37. Nd6 Qa6 38. h4 Qa7 39. hxg5+
Kg6 40. Qxf4 Qb8+ 41. Kc1 1-0

[Event "M.Botvinnik Memorial 2012"]
[Site "St. Petersburg, Russia"]
[Date "2012.08.31"]
[Round "7.71"]
[White "Pershin, Denis"]
[Black "Lupik, Marina"]
[Result "1-0"]
[WhiteElo "2103"]
[BlackElo "2197"]
[PlyCount "69"]
[EventDate "2012.08.25"]

1. e4 c5 2. Nf3 e6 3. d4 cxd4 4. Nxd4 g6 5. Nc3 Qb6 6. Nb3 Nc6 7. Be2 Nf6 8. a3
Be7 9. O-O O-O 10. Be3 Qc7 11. f4 d6 12. a4 b6 13. Qe1 Bb7 14. Qf2 Nd7 15. Bf3
Nb4 16. Rad1 Nc5 17. Rd4 Nc6 18. Rd2 Rfd8 19. Rfd1 Bf6 20. e5 dxe5 21. Bxc5
bxc5 22. Nxc5 Na5 23. Rd7 Qc8 24. Bxb7 Nxb7 25. Rxb7 Rxd1+ 26. Nxd1 exf4 27. b4
Be5 28. Qd2 a5 29. c3 axb4 30. cxb4 h6 31. Qd7 Qf8 32. Nxe6 Bd4+ 33. Nxd4 Rd8
34. Qc7 Rxd4 35. Rb8 1-0

[Event "M.Botvinnik Memorial 2012"]
[Site "St. Petersburg, Russia"]
[Date "2012.08.31"]
[Round "7.72"]
[White "Suslova, Alena"]
[Black "Sazonova, Anastasia"]
[Result "1-0"]
[WhiteElo "2196"]
[BlackElo "2002"]
[PlyCount "51"]
[EventDate "2012.08.25"]

1. c4 g6 2. Nc3 Bg7 3. g3 Nf6 4. Bg2 O-O 5. e4 d6 6. Nge2 c5 7. O-O Nc6 8. d3
Rb8 9. f4 e6 10. h3 Ne8 11. Be3 a6 12. Qd2 Qc7 13. b3 b5 14. e5 dxe5 15. Bxc5
Nd6 16. cxb5 axb5 17. Rac1 Bd7 18. fxe5 Nxe5 19. d4 f5 20. Nd5 exd5 21. dxe5
Nc4 22. Qxd5+ Rf7 23. bxc4 bxc4 24. Bd6 Qa7+ 25. Qd4 Qxd4+ 26. Nxd4 1-0

[Event "M.Botvinnik Memorial 2012"]
[Site "St. Petersburg, Russia"]
[Date "2012.08.31"]
[Round "7.73"]
[White "Korchagina, Viktoria"]
[Black "Matsenko, Andrei"]
[Result "0-1"]
[WhiteElo "2071"]
[BlackElo "2188"]
[PlyCount "66"]
[EventDate "2012.08.25"]

1. e4 c5 2. Nf3 Nc6 3. d4 cxd4 4. Nxd4 Qc7 5. Nc3 e6 6. Be2 a6 7. O-O Nf6 8.
Be3 Bb4 9. Na4 Be7 10. Nxc6 bxc6 11. Nb6 Rb8 12. Nxc8 Qxc8 13. e5 Nd5 14. Bc1
Bc5 15. c4 Ne7 16. b3 Qc7 17. Bb2 Ng6 18. Qd2 O-O 19. Qc3 f6 20. exf6 Rxf6 21.
Kh1 e5 22. Bh5 Bd4 23. Qc2 Bxb2 24. Qxb2 Nf4 25. Bf3 d5 26. cxd5 cxd5 27. Rac1
Qe7 28. Qd2 e4 29. Bg4 Nd3 30. Rc2 Qe5 31. Qe3 d4 32. Qg3 Qxg3 33. hxg3 e3 0-1

[Event "M.Botvinnik Memorial 2012"]
[Site "St. Petersburg, Russia"]
[Date "2012.08.31"]
[Round "7.74"]
[White "Svidinsky, Dmitry"]
[Black "Manin, Viktor"]
[Result "1/2-1/2"]
[WhiteElo "2064"]
[BlackElo "2181"]
[PlyCount "113"]
[EventDate "2012.08.25"]

1. d4 Nf6 2. c4 e6 3. g3 d5 4. Bg2 c6 5. Nf3 Nbd7 6. Qc2 Bd6 7. O-O O-O 8. Bf4
Bxf4 9. gxf4 b6 10. cxd5 cxd5 11. Rc1 Qe7 12. Ne5 Bb7 13. Nd2 Rac8 14. Qa4 a6
15. e3 Nxe5 16. fxe5 Ng4 17. Nf3 Nh6 18. Qb3 b5 19. Qd1 Nf5 20. Rxc8 Rxc8 21.
Rc1 Qb4 22. Rxc8+ Bxc8 23. Qc2 Qc4 24. Ne1 f6 25. exf6 gxf6 26. b3 Qxc2 27.
Nxc2 Kf7 28. Nb4 Ke7 29. Bh3 Nd6 30. f3 Bb7 31. Nd3 a5 32. Kf2 b4 33. Nc5 Bc8
34. e4 dxe4 35. fxe4 f5 36. exf5 exf5 37. Ke2 Kf6 38. Bf1 Kg5 39. Kf3 h5 40.
Bd3 h4 41. Bf1 Nb7 42. Bb5 Nd6 43. Bf1 Nf7 44. Bc4 Nd6 45. Bf1 Ne8 46. Bb5 Nc7
47. Bc6 Kf6 48. Kf4 Be6 49. Nb7 a4 50. Bxa4 Nd5+ 51. Kf3 Bf7 52. Bc6 Ne7 53. d5
Ke5 54. Nc5 Bxd5+ 55. Bxd5 Nxd5 56. Nd3+ Kd4 57. Nxb4 1/2-1/2

[Event "M.Botvinnik Memorial 2012"]
[Site "St. Petersburg, Russia"]
[Date "2012.08.31"]
[Round "7.75"]
[White "Rassokhina, Ekaterina"]
[Black "Balaian, Alina"]
[Result "0-1"]
[WhiteElo "2062"]
[BlackElo "2179"]
[PlyCount "78"]
[EventDate "2012.08.25"]

1. d4 d6 2. c4 e5 3. Nf3 e4 4. Ng5 f5 5. h4 h6 6. Nh3 Qxh4 7. Nc3 c6 8. d5 c5
9. Nb5 Na6 10. Bf4 Qf6 11. Ng5 hxg5 12. Rxh8 gxf4 13. Rxg8 Qh6 14. Qa4 Bd7 15.
Nc7+ Ke7 16. Qa5 Rc8 17. Nxa6 bxa6 18. Qxa6 Rc7 19. O-O-O Kf7 20. Qa5 Rb7 21.
Rxf8+ Kxf8 22. Qd8+ Kf7 23. Qa8 Rb4 24. Qxa7 Rxc4+ 25. Kb1 Ke7 26. e3 Qh5 27.
f3 exf3 28. g4 fxg3 29. Bxc4 f2 30. Kc1 g2 31. Bb5 Qxd1+ 32. Kxd1 f1=Q+ 33.
Bxf1 gxf1=Q+ 34. Kd2 Qf2+ 35. Kc1 Qxe3+ 36. Kc2 Qe4+ 37. Kc1 Qc4+ 38. Kd2 Qxd5+
39. Ke2 f4 0-1

[Event "M.Botvinnik Memorial 2012"]
[Site "St. Petersburg, Russia"]
[Date "2012.08.31"]
[Round "7.76"]
[White "Solovjova, Valentina"]
[Black "Fedoseeva, Valentina"]
[Result "1-0"]
[WhiteElo "2175"]
[BlackElo "1957"]
[PlyCount "77"]
[EventDate "2012.08.25"]

1. e4 e5 2. Nf3 Nc6 3. d4 exd4 4. Nxd4 Bb4+ 5. c3 Bc5 6. Be3 Bb6 7. g3 Nf6 8.
Bg2 d5 9. Nxc6 bxc6 10. Bxb6 axb6 11. e5 Nd7 12. O-O O-O 13. Re1 Re8 14. f4 Nc5
15. b4 Ne6 16. c4 Bb7 17. cxd5 cxd5 18. Nc3 c6 19. b5 Qe7 20. bxc6 Qc5+ 21. Kh1
Bxc6 22. Rc1 Rad8 23. f5 Nf8 24. Ne2 Qb4 25. Rxc6 Rxe5 26. Rf1 d4 27. Nc1 d3
28. Nxd3 Qd4 29. Nf2 Qxd1 30. Nxd1 Re2 31. Nc3 Rb2 32. Rd1 Rxd1+ 33. Nxd1 Rxa2
34. Rc8 Ra1 35. Bf3 b5 36. Kg2 b4 37. Ne3 b3 38. Rb8 Ra2+ 39. Kh3 1-0

[Event "M.Botvinnik Memorial 2012"]
[Site "St. Petersburg, Russia"]
[Date "2012.08.31"]
[Round "7.77"]
[White "Trapeznikova, Darya"]
[Black "Lagashin, Pavel"]
[Result "1-0"]
[WhiteElo "2050"]
[BlackElo "2175"]
[PlyCount "133"]
[EventDate "2012.08.25"]

1. d4 Nf6 2. c4 c5 3. d5 e6 4. Nc3 exd5 5. cxd5 d6 6. e4 g6 7. Nf3 Bg7 8. Be2
O-O 9. O-O Bg4 10. Nd2 Bxe2 11. Qxe2 Re8 12. Nc4 b5 13. Nxb5 Nxe4 14. Qc2 a6
15. Nc3 f5 16. Nxe4 Rxe4 17. f3 Rd4 18. Be3 Rxd5 19. Qb3 Nd7 20. Nxd6 c4 21.
Nxc4 Rb8 22. Qa4 Nc5 23. Qc2 Nd3 24. Rab1 f4 25. Bd2 g5 26. Bc3 Bf8 27. Be1
Bc5+ 28. Kh1 Qf6 29. b3 Re8 30. Nb2 Nxb2 31. Rxb2 Qd4 32. Bf2 Qxf2 33. Qxf2
Bxf2 34. Rbxf2 a5 35. g3 Re3 36. Kg2 Rd4 37. Rb1 Kf7 38. Rc1 Ke6 39. Rc5 Re5
40. Rc7 h6 41. Rh7 a4 42. bxa4 Rxa4 43. Rxh6+ Kf7 44. h4 fxg3 45. Kxg3 Rea5 46.
h5 Rxa2 47. Rxa2 Rxa2 48. Rg6 Ra1 49. Rxg5 Kf6 50. Rb5 Rh1 51. Kg4 Rg1+ 52. Kf4
Rf1 53. Rb6+ Kg7 54. h6+ Kh7 55. Kg4 Rg1+ 56. Kf5 Rf1 57. f4 Rh1 58. Rd6 Rf1
59. Ke5 Re1+ 60. Kf6 Kxh6 61. Kf7+ Kh7 62. Rd2 Rh1 63. f5 Rh3 64. f6 Rh1 65.
Kf8 Ra1 66. f7 Ra8+ 67. Ke7 1-0

[Event "M.Botvinnik Memorial 2012"]
[Site "St. Petersburg, Russia"]
[Date "2012.08.31"]
[Round "7.78"]
[White "Ljubarov, Mark"]
[Black "Kazantsev, Alexandr"]
[Result "1-0"]
[WhiteElo "2158"]
[BlackElo "1960"]
[PlyCount "147"]
[EventDate "2012.08.25"]

1. e4 c5 2. Nf3 d6 3. c3 Nf6 4. Be2 g6 5. O-O Bg7 6. d3 O-O 7. Re1 Nc6 8. Nbd2
e5 9. Nf1 d5 10. Bg5 d4 11. h3 Re8 12. N3h2 Qa5 13. Qd2 Be6 14. Reb1 Rad8 15.
b4 Qa3 16. cxd4 cxd4 17. Ng4 Bxg4 18. Bxg4 Ne7 19. Rb3 Qa6 20. Bd1 Nd7 21. Qb2
Qd6 22. Nd2 b5 23. a4 a6 24. axb5 axb5 25. Rba3 Rb8 26. Bxe7 Qxe7 27. Ra7 Red8
28. Qb3 Bf8 29. Qd5 Nb6 30. Qxb5 Qxb4 31. Qxb4 Bxb4 32. Nf3 Nc8 33. Ra8 Bd6 34.
Rxb8 Bxb8 35. Rb1 Bd6 36. Rb7 f6 37. Bb3+ Kh8 38. Nd2 Rf8 39. Be6 Re8 40. Bd7
Rd8 41. Nc4 Bf8 42. Rb8 Rxd7 43. Rxc8 Kg7 44. Nb6 Rb7 45. Nd5 Bd6 46. Rc6 Be7
47. Kf1 Kf7 48. Ke2 Rd7 49. Kd2 Bd8 50. Kc2 Rb7 51. Rc8 Be7 52. Rc7 Rxc7+ 53.
Nxc7 Bb4 54. Kb3 Be1 55. f3 Ba5 56. Na6 Be1 57. Kc4 Ke6 58. Kc5 Bg3 59. Kc6 f5
60. Nc5+ Kf7 61. Kd6 fxe4 62. fxe4 Kf6 63. Nd7+ Kg5 64. Kd5 Kf4 65. Nxe5 Ke3
66. Nf3 Kxd3 67. e5 Bxe5 68. Kxe5 Ke3 69. Nxd4 Kf2 70. g4 Kg3 71. g5 Kxh3 72.
Kf6 Kg4 73. Ne6 Kh5 74. Kg7 1-0